<?xml version="1.0" encoding="UTF-8"?><?xml-stylesheet type="text/xsl" href="static/style.xsl"?><OAI-PMH xmlns="http://www.openarchives.org/OAI/2.0/" xmlns:xsi="http://www.w3.org/2001/XMLSchema-instance" xsi:schemaLocation="http://www.openarchives.org/OAI/2.0/ http://www.openarchives.org/OAI/2.0/OAI-PMH.xsd"><responseDate>2026-04-18T01:26:39Z</responseDate><request verb="GetRecord" identifier="oai:www.recercat.cat:10230/47138" metadataPrefix="marc">https://recercat.cat/oai/request</request><GetRecord><record><header><identifier>oai:recercat.cat:10230/47138</identifier><datestamp>2025-12-20T16:56:10Z</datestamp><setSpec>com_2072_6</setSpec><setSpec>col_2072_452952</setSpec></header><metadata><record xmlns="http://www.loc.gov/MARC21/slim" xmlns:dcterms="http://purl.org/dc/terms/" xmlns:xsi="http://www.w3.org/2001/XMLSchema-instance" xmlns:doc="http://www.lyncode.com/xoai" xsi:schemaLocation="http://www.loc.gov/MARC21/slim http://www.loc.gov/standards/marcxml/schema/MARC21slim.xsd">
   <leader>00925njm 22002777a 4500</leader>
   <datafield ind2=" " ind1=" " tag="042">
      <subfield code="a">dc</subfield>
   </datafield>
   <datafield ind2=" " ind1=" " tag="720">
      <subfield code="a">Bescós Prat, Pere</subfield>
      <subfield code="e">author</subfield>
   </datafield>
   <datafield ind2=" " ind1=" " tag="260">
      <subfield code="c">2021-04-16T10:22:48Z</subfield>
   </datafield>
   <datafield ind2=" " ind1=" " tag="260">
      <subfield code="c">2021-04-16T10:22:48Z</subfield>
   </datafield>
   <datafield ind2=" " ind1=" " tag="260">
      <subfield code="c">2020</subfield>
   </datafield>
   <datafield ind2=" " ind1=" " tag="520">
      <subfield code="a">Between the Transformacions of Francesc Alegre (c.1452 - c.1508) and the mythological proses of Joan Roís de Corella some textual coincidences have been detected. Not without reservations, these coincidences have been explained as Corellas influence on Alegre. This is the most satisfactory explanation, given Alegre’s admiration and imitation of Corella’s prose, and Corella’s huge fame in the second half of the fifteenth century. However, Alegre knew earlier versions of Ovid’s Metamorphoses, such as that by Francesc de Pinós (1416-1475), or the anonymous Castilian version, both nowadays lost. And perhaps these versions were known by Corella too. The textual coincidences of these two authors have been analyzed here to determine if they respond to Corella’s direct influence or if, in some cases, they could be explained by a common ancestor.</subfield>
   </datafield>
   <datafield ind2=" " ind1=" " tag="520">
      <subfield code="a">Entre les Transformacions de Francesc Alegre (ca.1452 - ca.1508) i les proses mitològiques de Joan Roís de Corella hom hi ha detectat una sèrie de coincidències textuals explicades en conjunt, tot i que amb reserves, per una influència corellana. Aquesta resulta l’explicació més satisfactòria, atesa l’admiració que Alegre sent per Corella, la imitació que fa de la seva prosa i perquè el valencià és un autor consagrat a la segona meitat del segle xv. Ara bé, Alegre coneix versions anteriors de Les metamorfosis d’Ovidi, com la de Francesc de Pinós (1416-1475) o l’anònima castellana, avui perdudes, versions potser també conegudes per Corella. En aquest estudi analitzem críticament les coincidències textuals d&amp;apos;aquests dos autors amb l’objectiu de determinar si totes responen a una influència corellana o si, en algun cas, poden remetre a un ancestre comú.</subfield>
   </datafield>
   <datafield tag="653" ind2=" " ind1=" ">
      <subfield code="a">Joan Roís de Corella</subfield>
   </datafield>
   <datafield tag="653" ind2=" " ind1=" ">
      <subfield code="a">Francesc Alegre</subfield>
   </datafield>
   <datafield tag="653" ind2=" " ind1=" ">
      <subfield code="a">Francesc de Pinós</subfield>
   </datafield>
   <datafield tag="653" ind2=" " ind1=" ">
      <subfield code="a">Ovid in the Middle Ages</subfield>
   </datafield>
   <datafield tag="653" ind2=" " ind1=" ">
      <subfield code="a">Metamorphoses</subfield>
   </datafield>
   <datafield tag="653" ind2=" " ind1=" ">
      <subfield code="a">Les metamorfosis</subfield>
   </datafield>
   <datafield tag="653" ind2=" " ind1=" ">
      <subfield code="a">Medieval translations</subfield>
   </datafield>
   <datafield tag="653" ind2=" " ind1=" ">
      <subfield code="a">Giovanni Bonsignori</subfield>
   </datafield>
   <datafield tag="653" ind2=" " ind1=" ">
      <subfield code="a">Prince Charles of Aragon (Charles of Viana)</subfield>
   </datafield>
   <datafield tag="653" ind2=" " ind1=" ">
      <subfield code="a">Ovidi a l’Edat Mitjana</subfield>
   </datafield>
   <datafield tag="653" ind2=" " ind1=" ">
      <subfield code="a">Traduccions medievals</subfield>
   </datafield>
   <datafield tag="653" ind2=" " ind1=" ">
      <subfield code="a">Carles d’Aragó (Carles de Viana)</subfield>
   </datafield>
   <datafield ind2="0" ind1="0" tag="245">
      <subfield code="a">Plausibilitat d&amp;apos;un ancestre comú entre les obres mitològiques de Joan Roís de Corella i les Transformacions de Francesc Alegre</subfield>
   </datafield>
</record></metadata></record></GetRecord></OAI-PMH>